| 000 | 00706nam a2200253 i 4500 | ||
|---|---|---|---|
| 001 | bgj | ||
| 100 | 1 |
_aSHAW, Bernard _d(1856-1950) |
|
| 245 | 1 | 0 |
_aSaint Joan : _ba chronicle play in six scenes and an epilogue / _cby Bernard Shaw. |
| 260 |
_aLondon : _bPenguin Books, _cc. 1957. |
||
| 300 |
_a158, [1] pp ; _c20 cm. |
||
| 490 | 1 | _aDefinitive Text | |
| 600 | 1 | 9 | _aJoan, of Arc, Saint, 1412-1431 |
| 650 | 9 | _aChristian women saints | |
| 650 | 9 | _aHistorical drama | |
| 651 | 9 |
_aFrance _xHistory |
|
| 655 | _aDrama | ||
| 830 | _aDefinitive Text | ||
| 020 | _a0140450238 | ||
| 040 | _cBPK | ||
| 041 | 0 | _aeng | |
| 920 | _a0-14-045023-8 | ||
| 942 | _cKS | ||
| 008 | s uk f |000 0 eng | ||
| 999 |
_c48834 _d48834 |
||
| 856 |
_uhttp://koha.tu.koszalin.pl/cgi-bin/koha/opac-detail.pl?biblionumber=48834 _yKatalog online BPK |
||